| 000 | 00740cam a2200253 a 4500 | ||
|---|---|---|---|
| 001 | 000009880 | ||
| 005 | 20200929161738.0 | ||
| 008 | 960117s2001 sp 000 1 spa | ||
| 020 | _a8420481378 | ||
| 035 | _a(DLC) 96103501 | ||
| 040 |
_aDO-SdBNP _bspa _cBNPHU _dDLC |
||
| 082 |
_aA863.4 _bC827c, 2001 |
||
| 100 | 1 |
_aCortázar, Julio, _d1914-1984 _910688 |
|
| 245 | 1 | 0 |
_aCuentos completos / _cCortázar. |
| 250 | _a15a ed. | ||
| 260 |
_aMadrid : _bAlfaguara, _c2001. |
||
| 300 |
_a606 p. ; _c24 cm. |
||
| 650 | 4 |
_aCuentos argentinos _93752 |
|
| 650 | 4 |
_aLiteratura argentina _93860 |
|
| 830 | 0 |
_aUnesco de obras representativas ; _v1 _pIberoamericana. _924813 |
|
| 910 | _aCatalogación por copia / LC | ||
| 910 | _aWM | ||
| 049 | _aBNGR | ||
| 999 |
_c9639 _d9639 |
||